000 00301nam a22001217a 4500
020 _a0-07-014751-5
082 _a629.287 CRO'A
100 _aCROUSE, W.H, ANGLIN, D.L
_967306
245 _aAUTOMOTIVE TECHNICIANS HANDBOOK
260 _aNEWYORK
_bMCGRAW HILL
_c1979
300 _aVII, 664P
942 _cBK
999 _c575117
_d575117